Cases and other materials on international law

में बचाया:
ग्रंथसूची विवरण
स्वरूप: पुस्तक
भाषा:Undetermined
प्रकाशित: St. Paul, Minn. West Publishing Co. 1936
विषय:
टैग : टैग जोड़ें
कोई टैग नहीं, इस रिकॉर्ड को टैग करने वाले पहले व्यक्ति बनें!
Thư viện lưu trữ: Trung tâm Học liệu Trường Đại học Cần Thơ
LEADER 00501nam a2200181Ia 4500
001 CTU_89604
008 210402s9999 xx 000 0 und d
082 |a 341 
082 |b C337 
245 0 |a Cases and other materials on international law 
245 0 |c Edited by Manley O. Hudson 
260 |a St. Paul, Minn. 
260 |b West Publishing Co. 
260 |c 1936 
650 |a International law 
650 |x Cases 
904 |i Bằng 
980 |a Trung tâm Học liệu Trường Đại học Cần Thơ